Blitz: Is it in India? Quiz Stats

Quiz Updated Nov 19, 2015

Challenge
Share
Tweet
Embed
Score 0/50 Timer 01:30
6 Plays Today
City (Y)es or (N)o? % Correct
Delhi???
86.2%
Mumbai???
84.8%
Istanbul???
83.9%
Lima???
83.4%
Baghdad???
83.1%
Shanghai???
82.9%
Tehran???
82.8%
Jaipur???
82.4%
Lagos???
82.4%
Kabul???
81.8%
Kolkata???
81.6%
Islamabad???
81.6%
Jodhpur???
81.1%
Raipur???
80.5%
Jakarta???
79.8%
Riyadh???
79.5%
Kathmandu???
78.4%
Nagpur???
78.3%
Kanpur???
77.6%
Chennai???
77.6%
Chandigarh???
77.1%
Tashkent???
76.9%
Yangon???
76.8%
Bhopal???
76.4%
Bangalore???
75.5%
City (Y)es or (N)o? % Correct
Dhaka???
75.4%
Kinshasa???
74.9%
Agra???
74.2%
Amritsar???
73.4%
Srinagar???
73.2%
Patna???
73%
Pune???
72.8%
Jeddah???
72.6%
Karachi???
72.5%
Visakhapatnam???
71.9%
Kano???
67.6%
Indore???
67.2%
Ranchi???
64.5%
Lahore???
62.6%
Lucknow???
59.5%
Surat???
58.8%
Faisalabad???
58.1%
Bekasi???
58%
Ahmedabad???
56.8%
Chittagong???
51.3%
Faridabad???
48.1%
Surabaja???
47.7%
Peshawar???
46.9%
Thane???
45.7%
Khulna???
38.6%

You're not logged in!

Compare scores with friends on all Sporcle quizzes.
Join for Free
OR
Log In

You Might Also Like...

Show Comments

Extras

Top Quizzes Today


Score Distribution

Your Account Isn't Verified!

In order to create a playlist on Sporcle, you need to verify the email address you used during registration. Go to your Sporcle Settings to finish the process.

Report this User

Report this user for behavior that violates our Community Guidelines.

Details: